00482nam a2200157Ia 4500100003300000942000700033366000700040654001600047245002700063260003200090082001400122300000800136546001200144999001700156952015100173 aWeiss/Sholom M/ Indurkhya N  cRB f20 adata mining aPredictive Data mining bMorgan kaufmann pubc1998 a5.74bWEI a228 aENGLISH c23891d23891 001040708CRCaCRCEbCRCEd2023-03-17eMilan Book Supplierg2886.40i1760 dt 25/04/2009l0o5.74 WEIp19708r2023-03-17v3608.00w0000-00-00yRB